Normal view
MARC view
- Marvin W Peterson ; Lisa A Mets
Entry Personal Name
001 - CONTROL NUMBER
- control field: 9354
003 - CONTROL NUMBER IDENTIFIER
- control field: NUST
005 - DATE AND TIME OF LATEST TRANSACTION
- control field: 20180121144835.0
008 - FIXED-LENGTH DATA ELEMENTS
- fixed length control field: 180121|| aca||aabn | a|a d
040 ## - CATALOGING SOURCE
- Original cataloging agency: NUST
- Transcribing agency: NUST
100 ## - HEADING--PERSONAL NAME
- Personal name: Marvin W Peterson ; Lisa A Mets
670 ## - SOURCE DATA FOUND
- Source citation: Work cat.: (NUST)320944: Marvin W Peterson ; Lisa A Mets, Key resources on higher education governance, management, and leadership : a guide to the literature, 1987
